Report of working Group on Technical education (Record no. 494577)

000 -LEADER
fixed length control field 00382cam a22001097a 4500
008 - FIXED-LENGTH DATA ELEMENTS--GENERAL INFORMATION
fixed length control field 180718b1978 xxu||||| |||| 00| 0 eng d
082 ## - DEWEY DECIMAL CLASSIFICATION NUMBER
Classification number P62x54 In2w c.2
245 ## - TITLE STATEMENT
Title Report of working Group on Technical education
Statement of responsibility, etc. by Ministry of Education and Social Welfare
260 ## - PUBLICATION, DISTRIBUTION, ETC.
Place of publication, distribution, etc. New Delhi
Name of publisher, distributor, etc. Shastri Bhawan
Date of publication, distribution, etc. 1978
300 ## - PHYSICAL DESCRIPTION
Extent 134p.
700 ## - ADDED ENTRY--PERSONAL NAME
Personal name India.Ministry of Education and Social Welfare
Holdings
Withdrawn status Lost status Damaged status Not for loan Permanent Location Current Location Date acquired Full call number Barcode Date last seen Price effective from Koha item type
        Indian Institute of Public Administration Indian Institute of Public Administration 2018-08-04 P62x54 In2w c.2 GG18476 2018-08-04 2018-08-04 GG

Powered by Koha